000 00785cam a22002413a 4500
001 25532
003 PGUSA
005 20140828083541.0
008 080520s2008||||xxu|||||s|||||000 | eng d
040 _aPGUSA
_beng
042 _adc
050 4 _aHV
100 1 _aBlackburn, Douglas,
_d1857-1929
245 1 4 _aThe Detection of Forgery :
_bA Practical Handbook for the Use of Bankers, Solicitors, Magistrates' Clerks, and All Handling Suspected Documents
_h[electronic resource] /
_cDouglas Blackburn
260 _bProject Gutenberg,
_c2008
506 _aPublic domain in the USA.
516 _aElectronic text
653 _aForgery
653 _aWriting -- Identification
830 0 _aProject Gutenberg
_v25532
856 4 0 _uhttp://www.gutenberg.org/ebooks/25532
942 _cEB
999 _c254787
_d254787